Česko-balgarski razgovornik /
Uložené v:
| Hlavný autor: | |
|---|---|
| Médium: | Kniha |
| Jazyk: | Bulgarian Czech |
| Vydané: |
Praha :
Státní pedagogické nakladatelství,
1974.
|
| Vydanie: | 4. vyd. |
| Edícia: | Cizojazyčná konverzace příručky
|
| ISBN: |
(viaz.) |
| Fyzický popis: |
300 s. + 1 mp. |
| Tagy: |
Pridať tag
Žiadne tagy, Buďte prvý kto otaguje tento záznam!
|
Titul je dostupný aj v ... 

MARC
| LEADER | 00000nam a22000004a 4500 | ||
|---|---|---|---|
| 001 | 000422821 | ||
| 005 | 20130620201801.0 | ||
| 008 | 130620s1974 xo e 000 0 bul d | ||
| 020 | |a (viaz.) |c Kčs 16,50 | ||
| 040 | |a SVKKK |b slo |c SVKKK |e AACR2 | ||
| 041 | 0 | |a bul |a cze | |
| 044 | |a xr |c CZ | ||
| 100 | 1 | |a Prošek, Bogdan | |
| 245 | 1 | 0 | |a Česko-balgarski razgovornik / |c Bogdan Prošek. |
| 250 | |a 4. vyd. | ||
| 260 | |a Praha : |b Státní pedagogické nakladatelství, |c 1974. | ||
| 300 | |a 300 s. + |e 1 mp. | ||
| 490 | 1 | |a Cizojazyčná konverzace příručky | |
| 830 | 0 | |a Cizojazyčná konverzace příručky | |
| 910 | |a svkkk | ||
| 998 | |a BK | ||
| 090 | |g SCKHL |k Sklad Hlavná 10 suterén |a I.42538 |j 502183 |i 2720631642 |s Absenčne | ||
| 090 | |g SCKHL |k Sklad Hlavná 10 suterén |a I.42539 |j 502184 |i 422821-20 |s Vyradená | ||
| 090 | |g SCKHL |k Sklad Hlavná 10 suterén |a I.42540 |j 502185 |i 2720631559 |s Absenčne | ||
| 090 | |g SCKHL |k Sklad Hlavná 10 suterén |a I.42541 |j 502186 |i 2720631558 |s Absenčne | ||